ロード中...

Ramayana in historical perspective /

書誌詳細
第一著者: Sankalia, Hd
言語:Undetermined
出版事項: Macmillan India Ltd. , 1982.
LEADER 00453nam a2200133Ia 4500
001 49120
008 170722s9999 xx 000 0 und d
100 |a Sankalia, Hd 
245 |a Ramayana in historical perspective / 
260 |b Macmillan India Ltd. ,  |c 1982. 
300 |a XVI+206  |c 21.5cms 
942 |c GEN 
999 |c 102015  |d 102015 
952 |0 0  |1 0  |4 0  |6 O_151A1G_M2  |7 0  |9 143396  |a LIB  |b LIB  |d 2017-08-12  |l 5  |o O15,1A1:g -M2  |p 191416  |r 2020-05-22  |s 2020-02-11  |v 80.00  |w 2017-08-12  |y GEN